000 00714nab a2200193 4500
001 244442
003 OSt
005 20230531121720.0
007 tu
008 200917s2020|||||||
040 _aDE-2950
_cDE-2950
245 0 0 _a100.000 Euro Sachspende für den Botanischen Garten.
_bProjekt. "Das gehört auch für uns nicht zum alltäglichen Geschäft", sagt Frank Hermann vom Tiefbauamt in Frankfurt. Von der Spende einer Anwohnerin soll eine Wegbeleuchtung finanziert werden /
_cThomas Gutke
264 _c2023
653 _aFrankfurt (Oder)
653 _aBotanischer Garten
653 _aSpende
773 0 _g34. Jahrgang (2023) Nr. 119 vom 24.05.2023, S. 13: mit Foto
_tMärkische Oderzeitung
942 _2z
_cA
999 _c372484
_d372484